| 000 | 00614nam a22002057a 4500 | ||
|---|---|---|---|
| 999 |
_c16481 _d16481 |
||
| 003 | AR-CdUCM | ||
| 008 | 190305b ||||| |||| 00| 0 spa d | ||
| 040 |
_aMUNICIPALIDAD PROVINCIAL DEL CUSCO _cBIBLIOTECA MUNICIPAL DEL CUSCO |
||
| 082 |
_a985.009 / _bN94 |
||
| 100 |
_aNuñez, Estuardo _92660 |
||
| 245 |
_aJosé Juoaquin de Mora / _aMartín Jorge Guise / |
||
| 260 |
_aLima : _c1987. |
||
| 300 |
_a143 páginas ; _c21 cm. |
||
| 505 | _aContenido : Biografias | ||
| 650 |
_aBiografía _922 |
||
| 650 |
_aHistoria _9136 |
||
| 700 |
_aRomero, Fernando _94725 |
||
| 942 |
_2ddc _cLIBROS |
||
| 945 |
_arah _d03/05/2019 |
||